[Event "Hamburg St Pauli op-B"]
[Site "Hamburg"]
[Date "2013.07.08"]
[Round "3"]
[White "Gutte, Johann Niklas"]
[Black "Haslinger, Ewald"]
[Result "0-1"]
[WhiteElo "1140"]
[BlackElo "1699"]
[PlyCount "54"]
[EventDate "2013.07.06"]
[EventType "swiss"]
[EventRounds "9"]
[EventCountry "GER"]
[SourceTitle "EXT 2014"]
[Source "ChessBase"]
[SourceDate "2013.11.20"]
[SourceVersion "1"]
[SourceVersionDate "2013.11.20"]
[SourceQuality "1"]

1. e4 e5 2. Nf3 Nc6 3. Bb5 Nge7 4. 0-0 g6 5. d3 Bg7 6. Be3 0-0 7. Nbd2 d5 8. exd5 Nxd5 9. Bxc6 bxc6 10. Re1 Nxe3 11. Rxe3 Re8 12. c3 Rb8 13. Nc4 f6 14. b3 Bf5 15. Na5 Qd7 16. Qf1 Bh6 17. Re2 Bxd3 18. Rd1 Rb5 19. Nc4 Rd5 20. Rde1 Bxe2 21. Rxe2 Rd1 22. Re1 Rd8 23. Ne3 Bxe3 24. fxe3 Rxe1 25. Qxe1 Qd1 26. Kf2 Qxe1+ 27. Kxe1 Rd3 0-1